00783nam a2200193 a 4500008004100000020001500041050001600056100002500072245008800097250001200185260003500197300002100232350000900253650003400262650005100296995009300347999001700440952013200457120416s1983 ||||||||||||||||| || u a090543532x aHG 4014 Bro aBrockington, Raymond10aFinancial management: an instructional manual for business and accountancy students a3rd ed. aHantsbD.P. Publicationsc1983 avi, 554p. : ill. a0.00 0aFINANCE--DEVELOPING COUNTRIES aCORPORATIONS--FINANCE--HANDBOOKS, MANUALS, ETC D0.00FCBU-MAIN LIBRARY (Kitwe)H1I5.50M1UDAMAGEDZMain Library Open Access Collection c43383d43383 00102lcc4070a001b001cMain Library Open Access Collectiond2022-11-30l0oHG 4014 Brop026684r2022-11-30w2022-11-30y002